000 00390nam a2200121Ia 4500
008 151021s9999 xx 000 0 und d
245 _a_Auditing and Assurance CPA Study Text / Strathmore University
260 _aNairobi : Strathmore University , 2009
300 _aii,269 p.
500 _aIncludes index
650 _a_General Auditing Environment
980 _a^d20130521 03:23:22^oanne
999 _c7213
_d7213